[Event "Campeonato España Sub 16"]
[Site "Salobreña"]
[Date "2017.07.28"]
[Round "7"]
[White "Soto Martin, Miguel"]
[Black "Guillo Longares, Cecilia"]
[Result "1-0"]
[Board "24"]
[WhiteClock "1:30"]
[WhiteElo "1881"]
[WhiteCountry "ESP"]
[WhiteFideId "32035195"]
[WhiteEloChange "13"]
[BlackClock "1:30"]
[BlackElo "1997"]
[BlackCountry "ESP"]
[BlackFideId "32082681"]
[BlackEloChange "-13"]

1. e4 {[%clk 1:30:00]} c5 {[%clk 1:30:00]} 2. Nf3 {[%clk 1:31:00]} Nc6 {[%clk
1:31:00]} 3. Bb5 {[%clk 1:31:00]} g6 {[%clk 1:31:00]} 4. Bxc6 {[%clk 1:32:00]}
dxc6 {[%clk 1:31:00]} 5. d3 {[%clk 1:32:00]} Bg7 {[%clk 1:31:00]} 6. h3 {[%clk
1:32:00]} Nf6 {[%clk 1:31:00]} 7. Nc3 {[%clk 1:33:00]} O-O {[%clk 1:31:00]} 8.
O-O {[%clk 1:33:00]} b5 {[%clk 1:31:00]} 9. Be3 {[%clk 1:32:00]} Nd7 {[%clk
1:31:00]} 10. Rb1 {[%clk 1:32:00]} a5 {[%clk 1:30:00]} 11. Ne2 {[%clk 1:33:00]}
a4 {[%clk 1:29:00]} 12. Nh2 {[%clk 1:32:00]} b4 {[%clk 1:28:00]} 13. f4 {[%clk
1:32:00]} Ra5 {[%clk 1:26:00]} 14. Qe1 {[%clk 1:30:00]} Nf6 {[%clk 1:21:00]} 15.
b3 {[%clk 1:20:00]} axb3 {[%clk 1:18:00]} 16. axb3 {[%clk 1:20:00]} Ne8 {[%clk
1:17:00]} 17. Nf3 {[%clk 1:08:00]} Nc7 {[%clk 1:13:00]} 18. Qf2 {[%clk 1:08:00]}
Qd6 {[%clk 1:09:00]} 19. Nd2 {[%clk 1:07:00]} Ba6 {[%clk 1:08:00]} 20. e5 {[%clk
0:53:00]} Qd5 {[%clk 1:04:00]} 21. Ne4 {[%clk 0:52:00]} Ne6 {[%clk 0:59:00]} 22.
Ra1 {[%clk 0:52:00]} Rxa1 {[%clk 0:57:00]} 23. Rxa1 {[%clk 0:52:00]} Bb5 {[%clk
0:53:00]} 24. Nxc5 {[%clk 0:52:00]} f6 {[%clk 0:52:00]} 25. c4 {[%clk 0:51:00]}
bxc3 {[%clk 0:50:00]} 26. Nxc3 {[%clk 0:51:00]} Qd8 {[%clk 0:49:00]} 27. Nxe6
{[%clk 0:52:00]} Qxd3 {[%clk 0:50:00]} 28. Nxb5 {[%clk 0:46:00]} Qxb5 {[%clk
0:49:00]} 29. Nxf8 {[%clk 0:46:00]} Bxf8 {[%clk 0:49:00]} 30. exf6 {[%clk
0:46:00]} exf6 {[%clk 0:49:00]} 31. Ra8 {[%clk 0:46:00]} Qb7 {[%clk 0:49:00]} 32.
Qa2 {[%clk 0:46:00]} Qe7 {[%clk 0:49:00]} 33. b4+ {[%clk 0:46:00]} Kh8 {[%clk
0:50:00]} 34. Bc5 {[%clk 0:46:00]} 1-0

[Event "Campeonato España Sub 16"]
[Site "Salobreña"]
[Date "2017.07.28"]
[Round "7"]
[White "Malon Insausti, Andres"]
[Black "Rodriguez Izquierdo, Luis"]
[Result "1/2-1/2"]
[Board "25"]
[WhiteClock "n/a"]
[WhiteElo "1824"]
[WhiteCountry "ESP"]
[WhiteFideId "24513644"]
[WhiteEloChange "6"]
[BlackClock "n/a"]
[BlackElo "2088"]
[BlackCountry "ESP"]
[BlackFideId "32051603"]
[BlackEloChange "-6"]

1. e4 {[%clk 1:30:30]} c5 {[%clk 1:30:30]} 2. Ne2 {[%clk 1:30:30]} Nc6 {[%clk
1:30:30]} 3. Nbc3 {[%clk 1:30:30]} g6 {[%clk 1:30:30]} 4. d4 {[%clk 1:30:30]}
cxd4 {[%clk 1:30:30]} 5. Nxd4 {[%clk 1:30:30]} Bg7 {[%clk 1:30:30]} 6. Be3 {[%clk
1:30:30]} Nf6 {[%clk 1:30:30]} 7. Be2 {[%clk 1:30:30]} O-O {[%clk 1:30:30]} 8.
Qd2 {[%clk 1:30:30]} d5 {[%clk 1:30:30]} 9. Nxc6 {[%clk 1:30:30]} bxc6 {[%clk
1:30:30]} 10. Rd1 {[%clk 1:30:30]} Be6 {[%clk 1:30:30]} 11. exd5 {[%clk 1:30:30]}
Nxd5 {[%clk 1:30:30]} 12. Nxd5 {[%clk 1:30:30]} Qxd5 {[%clk 1:30:30]} 13. Bf3
{[%clk 1:30:30]} Qxd2+ {[%clk 1:30:30]} 14. Bxd2 {[%clk 1:30:30]} Bxb2 {[%clk
1:30:30]} 15. O-O {[%clk 1:30:30]} Rfc8 {[%clk 1:30:30]} 16. a4 {[%clk 1:30:30]}
Bd5 {[%clk 1:30:30]} 17. Be2 {[%clk 1:30:30]} Bd4 {[%clk 1:30:30]} 18. Rfe1
{[%clk 1:30:30]} Bc5 {[%clk 1:30:30]} 19. Ba6 {[%clk 1:30:30]} Rcb8 {[%clk
1:30:30]} 20. Bc3 {[%clk 1:30:30]} Be6 {[%clk 1:30:30]} 21. Rb1 {[%clk 1:30:30]}
Rxb1 {[%clk 1:30:30]} 22. Rxb1 {[%clk 1:30:30]} Bd6 {[%clk 1:30:30]} 23. Bd4
{[%clk 1:30:30]} Rb8 {[%clk 1:30:30]} 24. Rxb8+ {[%clk 1:30:30]} Bxb8 {[%clk
1:30:30]} 25. g3 {[%clk 1:30:30]} Kf8 {[%clk 1:30:30]} 26. Kf1 {[%clk 1:30:30]}
Ke8 {[%clk 1:30:30]} 27. Ke1 {[%clk 1:30:30]} Kd7 {[%clk 1:30:30]} 28. Bc5 {[%clk
1:30:30]} Bf5 {[%clk 1:30:30]} 29. Kd2 {[%clk 1:30:30]} e5 {[%clk 1:30:30]} 30.
c3 {[%clk 1:30:30]} Be6 {[%clk 1:30:30]} 31. Kc2 {[%clk 1:30:30]} f5 {[%clk
1:30:30]} 32. h4 {[%clk 1:30:30]} Bd5 {[%clk 1:30:30]} 33. Be3 {[%clk 1:30:30]}
Kd6 {[%clk 1:30:30]} 34. Kd2 {[%clk 1:30:30]} Bb3 {[%clk 1:30:30]} 35. a5 {[%clk
1:30:30]} Bc7 {[%clk 1:30:30]} 36. Bxa7 {[%clk 1:30:30]} Bxa5 {[%clk 1:30:30]}
37. Be3 {[%clk 1:30:30]} Be6 {[%clk 1:30:30]} 38. Bd3 {[%clk 1:30:30]} Kc7 {[%clk
1:30:30]} 39. Bg5 {[%clk 1:30:30]} Bb6 {[%clk 1:30:30]} 40. Ke2 {[%clk 1:30:30]}
c5 {[%clk 1:30:30]} 41. Bf6 {[%clk 1:30:30]} Kd6 {[%clk 1:30:30]} 42. Bg7 {[%clk
1:30:30]} c4 {[%clk 1:30:30]} 43. Bc2 {[%clk 1:30:30]} Bd7 {[%clk 1:30:30]} 44.
Bf8+ {[%clk 1:30:30]} Kd5 {[%clk 1:30:30]} 45. Bg7 {[%clk 1:30:30]} Bc5 {[%clk
1:30:30]} 46. Bh6 {[%clk 1:30:30]} Bb5 {[%clk 1:30:30]} 47. h5 {[%clk 1:30:30]}
e4 {[%clk 1:30:30]} 48. hxg6 {[%clk 1:30:30]} hxg6 {[%clk 1:30:30]} 49. Bg5
{[%clk 1:30:30]} Bd6 {[%clk 1:30:30]} 50. Be3 {[%clk 1:30:30]} Be5 {[%clk
1:30:30]} 51. Bd2 {[%clk 1:30:30]} Bc6 {[%clk 1:30:30]} 52. Bd1 {[%clk 1:30:30]}
Kc5 {[%clk 1:30:30]} 53. Be3+ {[%clk 1:30:30]} Kb5 {[%clk 1:30:30]} 54. Kd2
{[%clk 1:30:30]} Bd6 {[%clk 1:30:30]} 55. Bg5 {[%clk 1:30:30]} Bc5 {[%clk
1:30:30]} 56. Ke2 {[%clk 1:30:30]} Ka5 {[%clk 1:30:30]} 57. Bd8+ {[%clk 1:30:30]}
Bb6 {[%clk 1:30:30]} 58. Bxb6+ {[%clk 1:30:30]} Kxb6 {[%clk 1:30:30]} 59. Ke3
{[%clk 1:30:30]} Kc5 {[%clk 1:30:30]} 60. Kf4 {[%clk 1:30:30]} Kd6 {[%clk
1:30:30]} 61. Be2 {[%clk 1:30:30]} Bd5 {[%clk 1:30:30]} 62. Kg5 {[%clk 1:30:30]}
Ke5 {[%clk 1:30:30]} 63. Kxg6 {[%clk 1:30:30]} f4 {[%clk 1:30:30]} 64. gxf4+
{[%clk 1:30:30]} Kxf4 {[%clk 1:30:30]} 65. Kf6 {[%clk 1:30:30]} Bg8 {[%clk
1:30:30]} 66. Kg7 {[%clk 1:30:30]} Be6 {[%clk 1:30:30]} 67. Kf6 {[%clk 1:30:30]}
Bd5 {[%clk 1:30:30]} 68. Kg6 {[%clk 1:30:30]} Bc6 {[%clk 1:30:30]} 69. Kf6 {[%clk
1:30:30]} Bd5 {[%clk 1:30:30]} 1/2-1/2

[Event "Campeonato España Sub 16"]
[Site "Salobreña"]
[Date "2017.07.28"]
[Round "7"]
[White "Soto Martin, Pablo"]
[Black "Arjona Casado, Abel"]
[Result "1/2-1/2"]
[Board "26"]
[WhiteClock "1:30"]
[WhiteElo "2064"]
[WhiteCountry "ESP"]
[WhiteFideId "32035179"]
[WhiteEloChange "-6"]
[BlackClock "1:30"]
[BlackElo "1828"]
[BlackCountry "ESP"]
[BlackFideId "24513296"]
[BlackEloChange "6"]

1. e4 {[%clk 1:30:00]} c5 {[%clk 1:30:00]} 2. Nf3 {[%clk 1:31:00]} d6 {[%clk
1:31:00]} 3. c3 {[%clk 1:31:00]} Nf6 {[%clk 1:31:00]} 4. h3 {[%clk 1:31:00]} g6
{[%clk 1:29:00]} 5. Bd3 {[%clk 1:31:00]} Bg7 {[%clk 1:29:00]} 6. O-O {[%clk
1:31:00]} O-O {[%clk 1:29:00]} 7. Bc2 {[%clk 1:31:00]} b6 {[%clk 1:24:00]} 8. d4
{[%clk 1:30:00]} Bb7 {[%clk 1:24:00]} 9. Re1 {[%clk 1:30:00]} Nbd7 {[%clk
1:23:00]} 10. e5 {[%clk 1:14:00]} Ne8 {[%clk 1:15:00]} 11. Bf4 {[%clk 1:02:00]}
dxe5 {[%clk 1:02:00]} 12. dxe5 {[%clk 1:02:00]} Nc7 {[%clk 1:00:00]} 13. Bg3
{[%clk 0:51:00]} b5 {[%clk 0:50:00]} 14. a4 {[%clk 0:47:00]} a6 {[%clk 0:47:00]}
15. Na3 {[%clk 0:42:00]} c4 {[%clk 0:41:00]} 16. Nd4 {[%clk 0:40:00]} Nc5 {[%clk
0:22:00]} 17. Qe2 {[%clk 0:28:00]} Qd5 {[%clk 0:17:37]} 18. f3 {[%clk 0:27:00]}
N7e6 {[%clk 0:14:00]} 19. Rad1 {[%clk 0:22:00]} Nxd4 {[%clk 0:12:09]} 20. cxd4
{[%clk 0:22:00]} Ne6 {[%clk 0:11:20]} 21. Be4 {[%clk 0:17:25]} Qd7 {[%clk
0:11:35]} 22. Nc2 {[%clk 0:17:26]} Bxe4 {[%clk 0:07:14]} 23. Qxe4 {[%clk
0:17:19]} Rfd8 {[%clk 0:06:45]} 24. Nb4 {[%clk 0:16:28]} a5 {[%clk 0:05:46]} 25.
Nc2 {[%clk 0:12:47]} b4 {[%clk 0:05:03]} 26. d5 {[%clk 0:09:34]} Nc5 {[%clk
0:05:16]} 27. Qxc4 {[%clk 0:09:41]} Nxa4 {[%clk 0:05:10]} 28. Qb3 {[%clk
0:08:20]} Nc5 {[%clk 0:03:57]} 29. Qe3 {[%clk 0:07:53]} Na4 {[%clk 0:01:59]} 30.
Qd4 {[%clk 0:02:43]} Qa7 {[%clk 0:01:04]} 31. Qxa7 {[%clk 0:00:45]} Rxa7 {[%clk
0:01:31]} 32. Ra1 {[%clk 0:00:33]} Nxb2 {[%clk 0:00:47]} 33. Nxb4 {[%clk
0:00:58]} Rb7 {[%clk 0:00:37]} 34. Nc6 {[%clk 0:00:37]} Rxd5 {[%clk 0:00:48]} 35.
Reb1 {[%clk 0:00:35]} Rc7 {[%clk 0:00:35]} 36. Nxa5 {[%clk 0:00:31]} Rc2 {[%clk
0:00:44]} 37. Nb3 {[%clk 0:00:35]} Bxe5 {[%clk 0:00:52]} 38. Ra8+ {[%clk
0:00:35]} 1/2-1/2

[Event "Campeonato España Sub 16"]
[Site "Salobreña"]
[Date "2017.07.28"]
[Round "8"]
[White "Ayats Llobera, Gerard"]
[Black "Galiana Fernandez, Adrian"]
[Result "1-0"]
[Board "1"]
[WhiteClock "0:00.00"]
[WhiteTitle "FM"]
[WhiteElo "2261"]
[WhiteCountry "ESP"]
[WhiteFideId "32067607"]
[WhiteEloChange "10"]
[BlackClock "0:00.00"]
[BlackElo "2274"]
[BlackCountry "ESP"]
[BlackFideId "32010150"]
[BlackEloChange "-10"]

1. e4 {[%clk 1:30:30]} c5 {[%clk 1:30:30]} 2. Nf3 {[%clk 1:30:30]} e6 {[%clk
1:30:30]} 3. d4 {[%clk 1:30:30]} cxd4 {[%clk 1:30:30]} 4. Nxd4 {[%clk 1:30:30]}
Nf6 {[%clk 1:30:30]} 5. Nc3 {[%clk 1:30:30]} d6 {[%clk 1:30:30]} 6. g4 {[%clk
1:30:30]} h6 {[%clk 1:30:30]} 7. h4 {[%clk 1:30:30]} e5 {[%clk 1:30:30]} 8. Bb5+
{[%clk 1:30:30]} Nbd7 {[%clk 1:30:30]} 9. Nf5 {[%clk 1:30:30]} a6 {[%clk
1:30:30]} 10. Bxd7+ {[%clk 1:30:30]} Qxd7 {[%clk 1:30:30]} 11. Qf3 {[%clk
1:30:30]} g6 {[%clk 1:30:30]} 12. Nxh6 {[%clk 1:30:30]} Nxg4 {[%clk 1:30:30]} 13.
Nxg4 {[%clk 1:30:30]} Qxg4 {[%clk 1:30:30]} 14. Qf6 {[%clk 1:30:30]} Qg2 {[%clk
1:30:30]} 15. Bg5 {[%clk 1:30:30]} Bg4 {[%clk 1:30:30]} 16. Kd2 {[%clk 1:30:30]}
Bf3 {[%clk 1:30:30]} 17. Ke3 {[%clk 1:30:30]} d5 {[%clk 1:30:30]} 18. Qxe5+
{[%clk 1:30:30]} Kd7 {[%clk 1:30:30]} 19. Qxd5+ {[%clk 1:30:30]} Ke8 {[%clk
1:30:30]} 20. Rag1 {[%clk 1:30:30]} 1-0

[Event "Campeonato España Sub 16"]
[Site "Salobreña"]
[Date "2017.07.28"]
[Round "8"]
[White "Gines Esteo, Pedro Antonio"]
[Black "Munoz Pelaez, Manuel"]
[Result "1/2-1/2"]
[Board "2"]
[WhiteClock "1:30"]
[WhiteTitle "FM"]
[WhiteElo "2375"]
[WhiteCountry "ESP"]
[WhiteFideId "32080190"]
[WhiteEloChange "-7"]
[BlackClock "1:30"]
[BlackElo "2104"]
[BlackCountry "ESP"]
[BlackFideId "22274723"]
[BlackEloChange "7"]

1. d4 {[%clk 1:30:00]} Nf6 {[%clk 1:30:00]} 2. Nf3 {[%clk 1:31:00]} c5 {[%clk
1:30:00]} 3. d5 {[%clk 1:31:00]} b5 {[%clk 1:30:00]} 4. Bg5 {[%clk 1:32:00]} d6
{[%clk 1:30:00]} 5. a4 {[%clk 1:30:00]} b4 {[%clk 1:29:00]} 6. Bxf6 {[%clk
1:30:00]} exf6 {[%clk 1:29:00]} 7. e4 {[%clk 1:30:00]} g6 {[%clk 1:29:00]} 8.
Nbd2 {[%clk 1:28:00]} Bg7 {[%clk 1:28:00]} 9. Bd3 {[%clk 1:28:00]} O-O {[%clk
1:27:00]} 10. Nc4 {[%clk 1:17:00]} Bb7 {[%clk 1:25:00]} 11. h4 {[%clk 1:13:00]}
f5 {[%clk 1:23:00]} 12. exf5 {[%clk 1:13:00]} Bxd5 {[%clk 1:21:00]} 13. Ne3
{[%clk 1:09:00]} Bc6 {[%clk 1:00:00]} 14. h5 {[%clk 0:39:00]} g5 {[%clk 0:47:00]}
15. h6 {[%clk 0:37:00]} Bxb2 {[%clk 0:44:00]} 16. Bc4 {[%clk 0:26:00]} Kh8 {[%clk
0:38:00]} 17. O-O {[%clk 0:24:00]} Nd7 {[%clk 0:30:00]} 18. Rb1 {[%clk 0:19:46]}
Be5 {[%clk 0:20:00]} 19. Bd5 {[%clk 0:17:05]} Bxd5 {[%clk 0:20:00]} 20. Nxd5
{[%clk 0:14:39]} Nb6 {[%clk 0:20:00]} 21. a5 {[%clk 0:13:23]} Nxd5 {[%clk
0:19:02]} 22. Qxd5 {[%clk 0:13:51]} Qf6 {[%clk 0:18:49]} 23. Rfe1 {[%clk
0:11:22]} Rae8 {[%clk 0:17:52]} 24. Rbd1 {[%clk 0:09:50]} Qe7 {[%clk 0:08:43]}
25. Nxe5 {[%clk 0:09:03]} dxe5 {[%clk 0:09:02]} 26. f6 {[%clk 0:08:25]} Qxf6
{[%clk 0:08:40]} 27. Qxc5 {[%clk 0:08:46]} Qxh6 {[%clk 0:06:59]} 28. Rd7 {[%clk
0:09:15]} Qe6 {[%clk 0:04:53]} 29. Red1 {[%clk 0:06:52]} b3 {[%clk 0:03:29]} 30.
cxb3 {[%clk 0:05:50]} Qxb3 {[%clk 0:03:45]} 31. Qxa7 {[%clk 0:05:03]} Kg7 {[%clk
0:03:35]} 32. Qc5 {[%clk 0:05:11]} Qe6 {[%clk 0:03:34]} 33. R1d6 {[%clk 0:04:18]}
Qf5 {[%clk 0:03:51]} 34. Rc7 {[%clk 0:04:06]} Rc8 {[%clk 0:03:19]} 35. Rdd7
{[%clk 0:04:29]} Rxc7 {[%clk 0:02:15]} 36. Qxc7 {[%clk 0:04:41]} Qb1+ {[%clk
0:02:08]} 37. Kh2 {[%clk 0:05:02]} Qf5 {[%clk 0:02:29]} 38. a6 {[%clk 0:04:54]}
Qxf2 {[%clk 0:01:50]} 39. Qxe5+ {[%clk 0:05:22]} Qf6 {[%clk 0:02:19]} 40. Qe2
{[%clk 0:02:53]} Rc8 {[%clk 0:02:00]} 41. Qd2 {[%clk 0:02:53]} 1/2-1/2

[Event "Campeonato España Sub 16"]
[Site "Salobreña"]
[Date "2017.07.28"]
[Round "8"]
[White "Sama Salinas, Hector"]
[Black "Guerra Rivera, Salvador"]
[Result "1-0"]
[Board "3"]
[WhiteClock "1:30"]
[WhiteElo "2205"]
[WhiteCountry "ESP"]
[WhiteFideId "32086857"]
[WhiteEloChange "14"]
[BlackClock "1:30"]
[BlackTitle "FM"]
[BlackElo "2362"]
[BlackCountry "ESP"]
[BlackFideId "32096542"]
[BlackEloChange "-14"]

1. d4 {[%clk 1:30:00]} Nf6 {[%clk 1:30:00]} 2. Nf3 {[%clk 1:31:00]} e6 {[%clk
1:30:00]} 3. Bg5 {[%clk 1:31:00]} h6 {[%clk 1:30:00]} 4. Bxf6 {[%clk 1:31:00]}
Qxf6 {[%clk 1:30:00]} 5. e4 {[%clk 1:31:00]} d6 {[%clk 1:29:00]} 6. c3 {[%clk
1:30:00]} Nd7 {[%clk 1:28:00]} 7. a4 {[%clk 1:30:00]} a5 {[%clk 1:26:00]} 8. Na3
{[%clk 1:30:00]} g6 {[%clk 1:23:00]} 9. Be2 {[%clk 1:28:00]} Bg7 {[%clk 1:22:00]}
10. O-O {[%clk 1:28:00]} O-O {[%clk 1:22:00]} 11. Nc4 {[%clk 1:28:00]} Qe7 {[%clk
1:20:00]} 12. Re1 {[%clk 1:25:00]} b6 {[%clk 1:15:00]} 13. Qc2 {[%clk 1:23:00]}
Bb7 {[%clk 1:15:00]} 14. Rad1 {[%clk 1:22:00]} Rad8 {[%clk 1:13:00]} 15. Bd3
{[%clk 1:19:00]} e5 {[%clk 1:11:00]} 16. Ne3 {[%clk 1:13:00]} Nf6 {[%clk
1:06:00]} 17. d5 {[%clk 1:03:00]} c6 {[%clk 0:57:00]} 18. c4 {[%clk 0:58:00]} Nd7
{[%clk 0:50:00]} 19. Nd2 {[%clk 0:54:00]} Nc5 {[%clk 0:46:00]} 20. dxc6 {[%clk
0:53:00]} Bxc6 {[%clk 0:47:00]} 21. Nd5 {[%clk 0:53:00]} Qb7 {[%clk 0:46:00]} 22.
b3 {[%clk 0:50:00]} Rc8 {[%clk 0:44:00]} 23. Qb1 {[%clk 0:49:00]} Kh8 {[%clk
0:41:00]} 24. Bc2 {[%clk 0:43:00]} Bxd5 {[%clk 0:26:00]} 25. cxd5 {[%clk
0:43:00]} Qc7 {[%clk 0:26:00]} 26. Bd3 {[%clk 0:38:00]} h5 {[%clk 0:23:00]} 27.
Nc4 {[%clk 0:35:00]} Bh6 {[%clk 0:23:00]} 28. Qc2 {[%clk 0:30:00]} Rb8 {[%clk
0:18:47]} 29. Rb1 {[%clk 0:28:00]} Rfc8 {[%clk 0:17:50]} 30. Bf1 {[%clk 0:25:00]}
Qd7 {[%clk 0:16:54]} 31. h4 {[%clk 0:21:00]} Kg7 {[%clk 0:14:51]} 32. g3 {[%clk
0:20:00]} Rc7 {[%clk 0:11:56]} 33. Kh2 {[%clk 0:18:42]} Qe7 {[%clk 0:11:41]} 34.
Qe2 {[%clk 0:17:09]} Qf6 {[%clk 0:09:59]} 35. Bh3 {[%clk 0:14:47]} b5 {[%clk
0:06:23]} 36. Nxa5 {[%clk 0:08:08]} bxa4 {[%clk 0:06:19]} 37. bxa4 {[%clk
0:07:56]} Ra8 {[%clk 0:05:30]} 38. Nc6 {[%clk 0:05:10]} Rxa4 {[%clk 0:05:22]} 39.
Bg2 {[%clk 0:04:44]} Rc8 {[%clk 0:05:12]} 40. Qf3 {[%clk 0:03:55]} Ra2 {[%clk
0:03:56]} 41. Qxf6+ {[%clk 0:03:24]} Kxf6 {[%clk 0:04:25]} 42. Rf1 {[%clk
0:02:54]} Rca8 {[%clk 0:03:56]} 43. Nb4 {[%clk 0:01:54]} Rd2 {[%clk 0:03:00]} 44.
Rbd1 {[%clk 0:01:06]} Ra4 {[%clk 0:02:29]} 45. Rb1 {[%clk 0:00:32]} Ra3 {[%clk
0:02:16]} 46. Rbd1 {[%clk 0:00:34]} Ra4 {[%clk 0:01:28]} 47. Rb1 {[%clk 0:00:58]}
Rd4 {[%clk 0:01:26]} 48. Nc6 {[%clk 0:01:04]} Rdc4 {[%clk 0:01:23]} 49. f3 {[%clk
0:00:54]} Ra2 {[%clk 0:01:34]} 50. Ra1 {[%clk 0:01:10]} Rd2 {[%clk 0:00:54]} 51.
Rad1 {[%clk 0:01:25]} Rdc2 {[%clk 0:01:10]} 52. Kh3 {[%clk 0:01:00]} R4c3 {[%clk
0:01:25]} 53. Nb4 {[%clk 0:00:51]} Rb2 {[%clk 0:01:09]} 54. Rb1 {[%clk 0:01:14]}
Re2 {[%clk 0:00:54]} 55. Rbe1 {[%clk 0:01:39]} Rd2 {[%clk 0:00:46]} 56. Rd1
{[%clk 0:02:06]} Rb3 {[%clk 0:01:00]} 57. Rxd2 {[%clk 0:02:24]} Bxd2 {[%clk
0:01:27]} 58. Nc6 {[%clk 0:02:08]} g5 {[%clk 0:01:07]} 59. hxg5+ {[%clk 0:02:02]}
Kxg5 {[%clk 0:01:23]} 60. Ra1 {[%clk 0:00:54]} Nd3 {[%clk 0:00:41]} 61. Ra8
{[%clk 0:00:40]} Ne1 {[%clk 0:00:37]} 62. Rg8+ {[%clk 0:00:35]} Kf6 {[%clk
0:00:53]} 63. Rd8 {[%clk 0:00:36]} Rb2 {[%clk 0:00:34]} 64. Rxd6+ {[%clk
0:00:45]} Kg7 {[%clk 0:01:02]} 65. Bh1 {[%clk 0:00:32]} Be3 {[%clk 0:01:26]} 66.
Ne7 {[%clk 0:00:34]} Bg1 {[%clk 0:01:26]} 67. Nf5+ {[%clk 0:00:56]} Kg8 {[%clk
0:01:13]} 68. Kh4 {[%clk 0:00:54]} Rh2+ {[%clk 0:00:49]} 69. Kg5 {[%clk 0:01:16]}
Rxh1 {[%clk 0:01:01]} 70. Kh6 {[%clk 0:01:03]} Be3+ {[%clk 0:00:40]} 71. f4
{[%clk 0:01:03]} 1-0

[Event "Campeonato España Sub 16"]
[Site "Salobreña"]
[Date "2017.07.28"]
[Round "8"]
[White "Orantes Taboada, Francisco"]
[Black "Gomez Sanjuan, Hector Fernando"]
[Result "1-0"]
[Board "4"]
[WhiteClock "1:30"]
[WhiteTitle "FM"]
[WhiteElo "2183"]
[WhiteCountry "ESP"]
[WhiteFideId "22274758"]
[WhiteEloChange "10"]
[BlackClock "1:30"]
[BlackElo "2189"]
[BlackCountry "ESP"]
[BlackFideId "22274960"]
[BlackEloChange "-10"]

1. c4 {[%clk 1:30:00]} e5 {[%clk 1:30:00]} 2. g3 {[%clk 1:31:00]} Nc6 {[%clk
1:30:00]} 3. Bg2 {[%clk 1:31:00]} Bc5 {[%clk 1:31:00]} 4. e3 {[%clk 1:31:00]} d6
{[%clk 1:29:00]} 5. Ne2 {[%clk 1:32:00]} a6 {[%clk 1:30:00]} 6. Nbc3 {[%clk
1:30:00]} Ba7 {[%clk 1:30:00]} 7. d4 {[%clk 1:29:00]} Nf6 {[%clk 1:24:00]} 8. b4
{[%clk 1:25:00]} O-O {[%clk 1:20:00]} 9. a3 {[%clk 1:13:00]} Rb8 {[%clk 1:19:00]}
10. O-O {[%clk 1:11:00]} Bd7 {[%clk 1:16:00]} 11. c5 {[%clk 1:02:00]} Ne7 {[%clk
1:08:00]} 12. Bb2 {[%clk 0:59:00]} Ng6 {[%clk 1:05:00]} 13. Qc2 {[%clk 0:57:00]}
h5 {[%clk 1:02:00]} 14. dxe5 {[%clk 0:56:00]} dxe5 {[%clk 1:02:00]} 15. Rfd1
{[%clk 0:56:00]} Qe7 {[%clk 1:00:00]} 16. Nd5 {[%clk 0:56:00]} Nxd5 {[%clk
0:58:00]} 17. Bxd5 {[%clk 0:56:00]} Be6 {[%clk 0:58:00]} 18. Qe4 {[%clk 0:51:00]}
Bxd5 {[%clk 0:55:00]} 19. Rxd5 {[%clk 0:52:00]} c6 {[%clk 0:52:00]} 20. Rd3
{[%clk 0:31:00]} Rbd8 {[%clk 0:51:00]} 21. Rad1 {[%clk 0:30:00]} Bb8 {[%clk
0:51:00]} 22. Qf5 {[%clk 0:30:00]} Rxd3 {[%clk 0:49:00]} 23. Rxd3 {[%clk
0:19:26]} Rd8 {[%clk 0:49:00]} 24. Rxd8+ {[%clk 0:19:31]} Qxd8 {[%clk 0:49:00]}
25. Qxh5 {[%clk 0:19:54]} a5 {[%clk 0:47:00]} 26. Nc3 {[%clk 0:18:44]} axb4
{[%clk 0:44:00]} 27. axb4 {[%clk 0:19:11]} b6 {[%clk 0:41:00]} 28. Qd1 {[%clk
0:09:12]} Qc7 {[%clk 0:36:00]} 29. Ne4 {[%clk 0:08:47]} bxc5 {[%clk 0:36:00]} 30.
bxc5 {[%clk 0:09:04]} Ba7 {[%clk 0:36:00]} 31. Qb3 {[%clk 0:03:54]} Qe7 {[%clk
0:34:00]} 32. Qc4 {[%clk 0:03:08]} Nf8 {[%clk 0:32:00]} 33. Ba3 {[%clk 0:02:04]}
Ne6 {[%clk 0:31:00]} 34. Nd6 {[%clk 0:01:36]} Qc7 {[%clk 0:28:00]} 35. Bb4 {[%clk
0:02:00]} Qb8 {[%clk 0:25:00]} 36. Kg2 {[%clk 0:02:14]} Qd8 {[%clk 0:25:00]} 37.
Qa2 {[%clk 0:00:47]} Qb8 {[%clk 0:25:00]} 38. Qc4 {[%clk 0:01:08]} Qd8 {[%clk
0:25:00]} 39. Qa2 {[%clk 0:01:37]} Qb8 {[%clk 0:26:00]} 40. Qa5 {[%clk 0:01:15]}
Kf8 {[%clk 0:17:41]} 41. Ba3 {[%clk 0:01:41]} Qc7 {[%clk 0:14:32]} 42. Qc3 {[%clk
0:01:04]} f6 {[%clk 0:14:57]} 43. Qc4 {[%clk 0:01:28]} Ke7 {[%clk 0:14:55]} 44.
Nf5+ {[%clk 0:01:39]} Kd7 {[%clk 0:13:07]} 45. Qg4 {[%clk 0:00:59]} Ke8 {[%clk
0:13:02]} 46. Qh5+ {[%clk 0:00:56]} Kf8 {[%clk 0:12:38]} 47. Qh8+ {[%clk
0:03:19]} Kf7 {[%clk 0:12:56]} 48. Nd6+ {[%clk 0:03:39]} Kg6 {[%clk 0:12:38]} 1-0